| 000 | 00427nam a2200193Ia 4500 | ||
|---|---|---|---|
| 005 | 20250425162709.0 | ||
| 008 | 250425s9999 xx 000 0 und d | ||
| 041 | _aeng | ||
| 043 | _ait | ||
| 082 | _a639.41 | ||
| 245 | 0 | _aREGIONAL WORKSHOP ON THE MONITORING AND MANAGEMENT | |
| 250 | _aS.E | ||
| 260 |
_aItalia _bFAO _c2007 |
||
| 260 | _aROMA | ||
| 300 | _a174 | ||
| 650 | _aOSTRAS | ||
| 942 | _c01 | ||
| 010 | _a97332 | ||
| 999 |
_c234575 _d234575 |
||